Character Actors Quiz Stats

 Plays Quiz Updated Jan 19, 2012

Score 0/25 Timer 08:00
0 Plays Today
You know, they played... Actor % Correct
The T-1000 in 'Terminator 2'Robert Patrick
42.7%
Roxie Hart's husband in 'Chicago'John C. Reilly
39.9%
Leon the hitman in 'The Professional'Jean Reno
35.8%
Steve Carell's manager in '40 Year Old Virgin'Jane Lynch
34.8%
Bill Lumbergh in 'Office Space'Gary Cole
29.7%
Juno's dad in 'Juno'J.K. Simmons
27.5%
Stifler's Mom in 'American Pie'Jennifer Coolidge
25.4%
Carmine Falcone in 'Batman Begins'Tom Wilkinson
18.6%
Animal Mother in 'Full Metal Jacket'Adam Baldwin
13.8%
The bartender in 'Anchorman'Danny Trejo
13.3%
Alicia Silverstone's dad in 'Clueless'Dan Hedaya
12.4%
Richter in 'Total Recall'Michael Ironside
12%
Mayor of Whoville in 'How the Grinch Stole Christmas'Jeffrey Tambor
10.2%
You know, they played... Actor % Correct
Long Duk Dong in 'Sixteens Candles'Gedde Watanabe
10.2%
The prosecuting lawyer in 'My Cousin Vinny'Lane Smith
9.8%
Stands With a Fist in 'Dances With Wolves'Mary McDonnell
8.7%
Ray Liotta's coked up mistress in 'Goodfellas'Debi Mazar
8.5%
Ned Ryerson in 'Groundhog Day'Stephen Tobolowsky
8.5%
Principal in 'Breakfast Club'Paul Gleason
7.4%
Sleazy reporter in 'Die Hard'William Atherton
6.9%
Crooked police chief in 'Fletch'Joe Don Baker
5.3%
Howard Hughes in 'The Rocketeer'Terry O'Quinn
4.7%
John Goodman's partner in crime in 'Raising Arizona'William Forsythe
4.6%
Crooked D.A. in 'L.A. Confidential'Ron Rifkin
3.4%
Deputy in 'Mississippi Burning'Brad Dourif
2.9%

You're not logged in!

Compare scores with friends on all Sporcle quizzes.
OR
Log In

Sporcle TV

Today on Sporcle TV


Watch our educational content, quiz creation guides, and fun videos on Sporcle TV.

Show Comments

Extras

Top Quizzes Today


Score Distribution

Your Account Isn't Verified!

In order to create a playlist on Sporcle, you need to verify the email address you used during registration. Go to your Sporcle Settings to finish the process.

Report this User

Report this user for behavior that violates our Community Guidelines.

Details: